000 00733nam a2200193Ia 4500
008 090123s9999 xx 000 0 und d
082 _b41272
100 _aसाठे शारदा
245 _aस्त्री मुक्ती आणि विज्ञान
250 _a0
260 _bस्त्री मुक्ती संघटना प्रकाशन
300 _a51
600 _aसाठे शारदा
630 _aस्त्री मुक्ती आणि विज्ञान
700 _aसाठे शारदा
700 _aमहाजन सुलक्षणा
730 _aस्त्री मुक्ती आणि विज्ञान
942 _cBOOK
999 _c79347
_d79347